Chansons 🎶 en emojis 🎤 #1 - Statistiques

Statistiques générales
  • Ce quiz a été pris 7 002 fois
  • Le résultat moyen est 5 sur 10
Statistiques - réponses

% Correct
🗣 ❓ 🌛 J'ai demandé à la lune
88%
🦅 ⚫️ L'aigle noir
83%
👹👿👹 🕛 Les démons de minuit
78%
🎶 🎹 🕴 Il jouait du piano debout
68%
🤒 💕 La maladie d'amour
66%
👨‍👧 🐧 Papa pingouin
41%
📱 😢 Le téléphone pleure
31%
🪦 🐘 🐘 Le cimetière des éléphants
21%
❤️ 🇻🇨 Le coeur grenadine
3%
🚜 🍇 🥰 Les vendanges de l'amour
2%
Aucun quiz correspondant
Distribution des résultats
% des personnes avec chaque résultat
Percentile par nombre de réponses
Votre historique - résultats
Vous n’avez pas pris ce quiz